Fr. Conceicao Rodrigues College of Engineering

Make: AVR programming (Record no. 34021)

MARC details
000 -LEADER
fixed length control field 00319nam a2200157Ia 4500
082 ## - DEWEY DECIMAL CLASSIFICATION NUMBER
Item number WIL
100 ## - MAIN ENTRY--PERSONAL NAME
Personal name Williams/Elliot
245 ## - TITLE STATEMENT
Title Make: AVR programming
260 ## - PUBLICATION, DISTRIBUTION, ETC.
Name of publisher, distributor, etc. Oreilly
Date of publication, distribution, etc. 2014
366 ## - TRADE AVAILABILITY INFORMATION
Publishers's discount category 25
300 ## - PHYSICAL DESCRIPTION
Extent 451
546 ## - LANGUAGE NOTE
Language note ENGLISH
-- Computers
654 ## - SUBJECT ADDED ENTRY--FACETED TOPICAL TERMS
Focus term AVR programming
942 ## - ADDED ENTRY ELEMENTS (KOHA)
Koha item type BOOK
Holdings
Withdrawn status Lost status Damaged status Not for loan Collection Home library Current library Date acquired Source of acquisition Cost, normal purchase price Inventory number Total Checkouts Full call number Barcode Date last seen Cost, replacement price Price effective from Koha item type
        CRC Fr. Agnel's C.Rodrigues College of Engineering Fr. Agnel's C.Rodrigues College of Engineering 17/03/2023 Allied Publisher 675.00 1229 dt 22.12.2015   WIL 23999 17/03/2023 900.00   BOOK